000
00311nam a22001337a 4500
020
_a
978-9384502249
041
_a
ENG
100
_a
Davidson B
245
_a
Agricultural Engineering
260
_a
New Delhi
_b
Agri-blovet Press
_c
2017
300
_a
500
650
_a
Competitive Exam
856
_u
Competitive Exam
999
_c
155
_d
155